000 00217 a2200097 4500
001 30736
100 _aHuxley, A
245 _aBrave new world Revisited
260 _alondon
_bYale Unv Press
_c
090 _c20668
_d20668
942 _aNUST-CAE
_cM
_c11856
999 _c265809
_d265809